| 000 | 01168cam a2200325 a 4500 | ||
|---|---|---|---|
| 001 | 16073859 | ||
| 003 | OSt | ||
| 005 | 20230902115200.0 | ||
| 008 | 100128s2010 enka b 001 0 eng | ||
| 010 | _a 2010002733 | ||
| 020 | _a9780367488567 | ||
| 020 | _a9780415450393 (hardback : alk. paper) | ||
| 020 | _a9780415450386 (pbk.) | ||
| 040 |
_aDLC _cDLC _dDLC |
||
| 042 | _apcc | ||
| 050 | 0 | 0 |
_aHD77 _b.T77 2010 |
| 082 | 0 | 0 |
_a338.9 _bTRI/E |
| 100 | 1 |
_aTribe, Michael A., _d1943- _99393 |
|
| 245 | 1 | 0 |
_aEconomics and development studies / _cMichael Tribe, Frederick Nixon, and Andy Sumner. |
| 260 |
_aLondon ; _aNew York, NY : _bRoutledge, _c2010. |
||
| 300 |
_axxi, 288 p. : _bill. ; _c24 cm. |
||
| 504 | _aIncludes bibliographical references (p. [243]-269) and index. | ||
| 650 | 0 | _aEconomic development. | |
| 650 | 0 |
_aEconomic development _xResearch. |
|
| 700 | 1 | _aNixon, Frederick. | |
| 700 | 1 |
_aSumner, Andrew, _d1973- |
|
| 906 |
_a7 _bcbc _corignew _d1 _eecip _f20 _gy-gencatlg |
||
| 942 |
_2ddc _cBK _h338.9 _iTRI/E _k338.9 _mTRI/E |
||
| 999 |
_c42059 _d42059 |
||